[Event "Budapest Gyorgy Memorial 2nd"]
[Site "Budapest"]
[Date "2017.10.14"]
[Round "5.5"]
[White "Goian, Larisa"]
[Black "Magyar, Erik Ferenc"]
[Result "1-0"]
[WhiteElo "1204"]
[BlackElo "1459"]
[PlyCount "83"]
[EventDate "2017.10.12"]
[EventType "swiss"]
[EventRounds "7"]
[EventCountry "HUN"]
[SourceTitle "EXT 2019"]
[Source "ChessBase"]
[SourceDate "2018.10.10"]
[SourceVersion "1"]
[SourceVersionDate "2018.10.10"]
[SourceQuality "1"]

1. c4 c5 2. Nc3 Nc6 3. e3 d6 4. Nge2 g6 5. g3 Bg7 6. Bg2 Nf6 7. 0-0 0-0 8. d4 cxd4 9. exd4 Bf5 10. Be3 Rc8 11. Rc1 Re8 12. b3 Ng4 13. Qd2 Nxe3 14. Qxe3 Qb6 15. Nd5 Qd8 16. Qc3 Be6 17. Ne3 Qb6 18. Rfd1 Nd8 19. Qd3 Bh6 20. Rc2 Nc6 21. a3 Bxe3 22. fxe3 Bf5 23. e4 Bg4 24. b4 Bxe2 25. Rxe2 Red8 26. c5 dxc5 27. bxc5 Qc7 28. Qe3 e5 29. d5 Nd4 30. Rb2 Rd7 31. Bh3 f5 32. exf5 Nxf5 33. Bxf5 gxf5 34. Rc2 f4 35. Qb3 Kg7 36. gxf4 exf4 37. Qc3+ Kf7 38. d6 Qd8 39. Qc4+ Kg6 40. Rg2+ Kf6 41. Qxf4+ Ke6 42. Re2# 1-0

[Event "Budapest Gyorgy Memorial 2nd"]
[Site "Budapest"]
[Date "2017.10.13"]
[Round "3.5"]
[White "Janik, Marek Tobias"]
[Black "Goian, Larisa"]
[Result "1-0"]
[WhiteElo "1455"]
[BlackElo "1204"]
[PlyCount "47"]
[EventDate "2017.10.12"]
[EventType "swiss"]
[EventRounds "7"]
[EventCountry "HUN"]
[SourceTitle "EXT 2019"]
[Source "ChessBase"]
[SourceDate "2018.10.10"]
[SourceVersion "1"]
[SourceVersionDate "2018.10.10"]
[SourceQuality "1"]

1. e4 c5 2. Nc3 Nc6 3. Bb5 d6 4. f4 Bd7 5. Bxc6 Bxc6 6. Nf3 Nf6 7. d3 e6 8. 0-0 Be7 9. Kh1 0-0 10. e5 dxe5 11. Nxe5 Bd5 12. Nxd5 Nxd5 13. c4 Nb6 14. b3 Qd4 15. Rb1 Rad8 16. Bb2 Qd6 17. Rf3 f6 18. Rg3 g5 19. Qh5 Qc7 20. Qh6 Rd6 21. Ng6 Rfd8 22. Nxe7+ Qxe7 23. Bxf6 Qf7 24. Rxg5+ 1-0

[Event "Budapest Gyorgy Memorial 2nd"]
[Site "Budapest"]
[Date "2017.10.12"]
[Round "1.5"]
[White "Goian, Larisa"]
[Black "Cimpean, Andra"]
[Result "0-1"]
[WhiteElo "1204"]
[BlackElo "1899"]
[PlyCount "108"]
[EventDate "2017.10.12"]
[EventType "swiss"]
[EventRounds "7"]
[EventCountry "HUN"]
[SourceTitle "EXT 2019"]
[Source "ChessBase"]
[SourceDate "2018.10.10"]
[SourceVersion "1"]
[SourceVersionDate "2018.10.10"]
[SourceQuality "1"]

1. c4 e6 2. Nc3 c6 3. e3 d5 4. cxd5 exd5 5. d4 Bf5 6. Bd3 Bg6 7. Nge2 Nf6 8. 0-0 Bd6 9. Qc2 Nbd7 10. f3 Qc7 11. f4 Bxd3 12. Qxd3 0-0 13. Ng3 Rfe8 14. e4 dxe4 15. Ncxe4 Bf8 16. Nxf6+ Nxf6 17. Nf5 Rad8 18. Rf3 g6 19. Rg3 Re1+ 20. Kf2 Rde8 21. Ne3 Rh1 22. Nf1 Ne4+ 23. Kf3 Nxg3 24. Nxg3 Rxh2 25. f5 Bh6 26. fxg6 fxg6 27. Bxh6 Rxh6 28. Qc4+ Qf7+ 29. Qxf7+ Kxf7 30. Rd1 Rd8 31. Ne4 Rh5 32. Rf1 Rf5+ 33. Ke2 Rxf1 34. Kxf1 Rxd4 35. Ng5+ Kg8 36. Nf3 Rb4 37. b3 a5 38. Nd2 a4 39. Ke2 Kf7 40. Kd3 Rg4 41. a3 axb3 42. Nxb3 Rxg2 43. a4 Rg3+ 44. Kc2 Rxb3 45. Kxb3 h5 46. Kc4 h4 47. Kc5 h3 48. Kb6 h2 49. Kxb7 h1Q 50. Kb6 Qd5 51. a5 Qb5+ 52. Kc7 Ke7 53. Kc8 Kd6 54. Kd8 Qb8# 0-1